Grammaire expliquée de l'espagnol : Eléments d'analyse grammaticale pour l'épreuve de traduction (notice n° 1994415)
[ vue normale ]
| 000 -LEADER | |
|---|---|
| fixed length control field | 01430cam a2200145 4500500 |
| 005 - DATE AND TIME OF LATEST TRANSACTION | |
| control field | 20260329050411.0 |
| 041 ## - LANGUAGE CODE | |
| Language code of text/sound track or separate title | fre |
| 042 ## - AUTHENTICATION CODE | |
| Authentication code | dc |
| 100 10 - MAIN ENTRY--PERSONAL NAME | |
| Personal name | Pagès, Stéphane |
| Relator term | author |
| 245 00 - TITLE STATEMENT | |
| Title | Grammaire expliquée de l'espagnol : Eléments d'analyse grammaticale pour l'épreuve de traduction |
| 260 ## - PUBLICATION, DISTRIBUTION, ETC. | |
| Name of publisher, distributor, etc. | Armand Colin,<br/> |
| Date of publication, distribution, etc. | 2019.<br/> |
| 520 ## - SUMMARY, ETC. | |
| Summary, etc. | Se voulant à la fois descriptive et explicative, cette grammaire, appliquée à la langue espagnole actuelle, vise essentiellement à présenter de manière claire et simple les principales notions. Par exemple, qu’est-ce qu’un verbe transitif, une conjonction, un pronom, à quoi sert un pronom relatif ? Il s’agit d’expliquer le fonctionnement des différentes parties du discours (nom, verbe, déterminants…) pour comprendre comment se construit une phrase, afin de favoriser la lecture et l’écriture et acquérir ainsi une meilleure maîtrise de la langue. Cet ouvrage s’adresse en priorité aux étudiants de premier cycle universitaire (Licence) mais peut être également utile aux candidats aux concours de recrutement (CAPES externe et agrégation interne) à qui il est demandé, dans le cadre de l’épreuve de thème/version, de procéder à une traduction raisonnée et argumentée. |
| 700 10 - ADDED ENTRY--PERSONAL NAME | |
| Personal name | Pagès, Stephan |
| Relator term | author |
| 856 41 - ELECTRONIC LOCATION AND ACCESS | |
| Uniform Resource Identifier | <a href="https://shs.cairn.info/grammaire-expliquee-de-l-espagnol--9782200620714?lang=fr&redirect-ssocas=7080">https://shs.cairn.info/grammaire-expliquee-de-l-espagnol--9782200620714?lang=fr&redirect-ssocas=7080</a> |
Pas d'exemplaire disponible.




Réseaux sociaux